[Event "BL2 Ost 1819 (Women)"]
[Site "Germany"]
[Date "2018.10.28"]
[Round "2.5"]
[White "Oswald, Hannah"]
[Black "Wagner, Victoria"]
[Result "1/2-1/2"]
[WhiteElo "1611"]
[BlackElo "1643"]
[PlyCount "62"]
[EventDate "2018.10.27"]
[EventType "team-tourn"]
[EventRounds "7"]
[EventCountry "GER"]
[SourceTitle "CBM 190 Extra"]
[Source "ChessBase"]
[SourceDate "2019.07.15"]
[SourceVersion "1"]
[SourceVersionDate "2019.07.15"]
[SourceQuality "1"]
[WhiteTeam "Leipzig SG (W)"]
[BlackTeam "Zeulenroda Rochade (W)"]
[WhiteTeamCountry "GER"]
[BlackTeamCountry "GER"]

1. e4 c5 2. Nf3 d6 3. d4 cxd4 4. Nxd4 Nf6 5. Nc3 a6 6. Be2 e5 7. Nb3 Be7 8. 0-0 Be6 9. Kh1 Nbd7 10. f4 Qc7 11. f5 Bc4 12. Bxc4 Qxc4 13. Qf3 Nb6 14. Be3 Qc7 15. Rad1 Nc4 16. Bc1 Rd8 17. Qg3 Rg8 18. Bg5 Nh5 19. Qh4 Bxg5 20. Qxg5 Nf6 21. Qc1 Rc8 22. Rd3 b5 23. Nd5 Nxd5 24. Rxd5 Nb6 25. Rd2 Ke7 26. c3 f6 27. Qd1 Nc4 28. Re2 Nb6 29. Rd2 Nc4 30. Re2 Nb6 31. Rd2 Nc4 1/2-1/2

[Event "GER-chT U14 Girls"]
[Site "Neumuenster"]
[Date "2017.12.28"]
[Round "4.2"]
[White "Visvikis, Kassandra"]
[Black "Oswald, Hannah"]
[Result "1-0"]
[WhiteElo "1510"]
[BlackElo "1636"]
[PlyCount "71"]
[EventDate "2017.12.26"]
[EventType "team-swiss"]
[EventRounds "7"]
[EventCountry "GER"]
[SourceTitle "CBM 182 Extra"]
[Source "ChessBase"]
[SourceDate "2018.02.23"]
[SourceVersion "1"]
[SourceVersionDate "2018.02.23"]
[SourceQuality "1"]
[WhiteTeam "Baden-Baden"]
[BlackTeam "Leipzig SG"]
[WhiteTeamCountry "GER"]
[BlackTeamCountry "GER"]

1. e4 e5 2. Nf3 Nc6 3. Bc4 Bc5 4. 0-0 Nf6 5. d3 d6 6. c3 Be6 7. Bb3 Qd7 8. Bc2 0-0 9. a4 a5 10. Nbd2 Ne7 11. Re1 Ng6 12. Nf1 Bg4 13. h3 Be6 14. Ng3 h6 15. d4 exd4 16. cxd4 Bb4 17. Bd2 Bxd2 18. Qxd2 d5 19. Ne5 Nxe5 20. dxe5 Nxe4 21. Nxe4 dxe4 22. Qxd7 Bxd7 23. Bxe4 c6 24. Rad1 Be6 25. Bc2 Rfe8 26. f4 g6 27. g4 Rad8 28. Rxd8 Rxd8 29. f5 gxf5 30. gxf5 Bc8 31. Re2 Rd4 32. Kh2 Rb4 33. b3 Rf4 34. f6 Rf3 35. Rd2 Rxh3+ 36. Kg2 1-0

[Event "GER-ch U12 Girls"]
[Site "Willingen"]
[Date "2017.06.10"]
[Round "11"]
[White "Oswald, Hannah"]
[Black "Heutling, Elina"]
[Result "0-1"]
[WhiteElo "1537"]
[BlackElo "1461"]
[PlyCount "84"]
[EventDate "2017.06.04"]
[EventType "swiss"]
[EventRounds "11"]
[EventCountry "GER"]
[SourceTitle "CBM 178 Extra"]
[Source "ChessBase"]
[SourceDate "2017.06.22"]
[SourceVersion "1"]
[SourceVersionDate "2017.06.22"]
[SourceQuality "1"]

1. e4 e5 2. Nf3 Nc6 3. Bc4 Bc5 4. 0-0 Nf6 5. d4 Bxd4 6. Nxd4 Nxd4 7. f4 d6 8. fxe5 dxe5 9. Bg5 Qe7 10. Na3 Rg8 11. c3 Ne6 12. Bxf6 gxf6 13. Kh1 c6 14. Qf3 Rg6 15. Rad1 Bd7 16. Qf2 Nc5 17. Rfe1 Rg4 18. Qf3 Rf4 19. Qe3 Rxe4 20. Qg3 0-0-0 21. Rxe4 Nxe4 22. Qe3 Bf5 23. Rxd8+ Qxd8 24. h3 Qd1+ 25. Kh2 Qa1 26. Qxa7 Qxb2 27. Qa8+ Kc7 28. Qa5+ Qb6 29. Qb4 c5 30. Qxb6+ Kxb6 31. Bxf7 Nxc3 32. Nc4+ Kc7 33. a3 b5 34. Ne3 Bg6 35. Bxg6 hxg6 36. Ng4 Ne4 37. Ne3 Kb6 38. Nd5+ Ka5 39. Ne3 Ka4 40. Nc2 Kb3 41. Ne1 Kxa3 42. Nc2+ Kb3 0-1